Stendhals deutschsprachige Leser

Saved in:
Bibliographic Details
Main Authors: Ringger, Kurt (Author) , Weiand, Christof (Author)
Format: Chapter/Article
Language:German
Published: 1986
In: Stendhal und Deutschland
Year: 1986, Pages: 17-25
Online Access: Get full text
Author Notes:Kurt Ringger; Christof Weiand

MARC

LEADER 00000caa a22000002c 4500
001 1447437101
003 DE-627
005 20220810211517.0
007 tu
008 130110s1986 xx ||||| 00| ||ger c
035 |a (DE-627)1447437101 
035 |a (DE-576)377437107 
035 |a (DE-599)BSZ377437107 
035 |a (OCoLC)1340457430 
040 |a DE-627  |b ger  |c DE-627  |e rakwb 
041 |a ger 
084 |a 55  |2 sdnb 
100 1 |a Ringger, Kurt  |d 1934-1988  |0 (DE-588)118998978  |0 (DE-627)079781500  |0 (DE-576)210658150  |4 aut 
245 1 0 |a Stendhals deutschsprachige Leser  |c Kurt Ringger; Christof Weiand 
264 1 |c 1986 
300 |a 9 
336 |a Text  |b txt  |2 rdacontent 
337 |a ohne Hilfsmittel zu benutzen  |b n  |2 rdamedia 
338 |a Band  |b nc  |2 rdacarrier 
700 1 |a Weiand, Christof  |d 1954-  |0 (DE-588)1019575573  |0 (DE-627)690954379  |0 (DE-576)163501599  |4 aut 
773 0 8 |i In  |t Stendhal und Deutschland  |d Tübingen : Narr, 1986  |g (1986), Seite 17-25  |h 72 S  |w (DE-627)024095834  |w (DE-576)012495255  |z 3878084110  |7 nnam  |a Stendhals deutschsprachige Leser 
773 1 8 |g year:1986  |g pages:17-25  |g extent:9  |a Stendhals deutschsprachige Leser 
951 |a AR 
992 |a 20130110 
993 |a BookComponentPart 
994 |a 1986 
998 |g 1019575573  |a Weiand, Christof  |m 1019575573:Weiand, Christof  |d 910000  |d 950000  |d 950950  |e 910000PW1019575573  |e 950000PW1019575573  |e 950950PW1019575573  |k 0/910000/  |k 1/910000/950000/  |k 2/910000/950000/950950/  |p 2  |y j 
999 |a KXP-PPN1447437101  |e 2734420619 
BIB |a Y 
JSO |a {"physDesc":[{"extent":"9 S."}],"type":{"bibl":"chapter"},"recId":"1447437101","relHost":[{"relMultPart":[{"language":["ger"],"name":{"displayForm":["hrsg. von ... im Auftr. d. Deutschen Stendhal-Gesellschaft an der Universität Mainz"]},"part":{"number":["1"],"number_sort":["1"]},"disp":"Stendhal-Hefte","dispAlt":"Stendhal-Hefte","origin":[{"dateIssuedDisp":"1986-","publisher":"Narr","publisherPlace":"Tübingen","dateIssuedKey":"1986"}],"title":[{"title_sort":"Stendhal-Hefte","title":"Stendhal-Hefte"}],"id":{"eki":["16598046X"],"issn":["0940-2659"],"zdb":["82967-5"]},"physDesc":[{"noteFormat":"23 cm"}],"type":{"bibl":"serial"},"recId":"16598046X","pubHistory":["1.1986 -"]}],"recId":"024095834","type":{"bibl":"edited-book"},"physDesc":[{"extent":"72 S"}],"id":{"eki":["024095834"],"isbn":["3878084110"]},"title":[{"title_sort":"Stendhal und Deutschland","title":"Stendhal und Deutschland"}],"origin":[{"dateIssuedKey":"1986","publisherPlace":"Tübingen","publisher":"Narr","dateIssuedDisp":"1986"}],"note":["Revision of papers presented at a conference held in Essen in 1983"],"part":{"extent":"9","pages":"17-25","year":"1986","text":"(1986), Seite 17-25"},"disp":"Stendhals deutschsprachige LeserStendhal und Deutschland","name":{"displayForm":["Kurt Ringger ... (Hrsg.)"]},"person":[{"role":"edt","family":"Ringger","display":"Ringger, Kurt","given":"Kurt"},{"given":"Christof","display":"Weiand, Christof","role":"edt","family":"Weiand"},{"role":"oth","family":"Stendhal","display":"Stendhal","given":""}],"language":["ger"]}],"origin":[{"dateIssuedKey":"1986","dateIssuedDisp":"1986"}],"language":["ger"],"title":[{"title_sort":"Stendhals deutschsprachige Leser","title":"Stendhals deutschsprachige Leser"}],"person":[{"given":"Kurt","display":"Ringger, Kurt","role":"aut","family":"Ringger"},{"given":"Christof","display":"Weiand, Christof","family":"Weiand","role":"aut"}],"name":{"displayForm":["Kurt Ringger; Christof Weiand"]},"id":{"eki":["1447437101"]}} 
SRT |a RINGGERKURSTENDHALSD1986